000 00408nam a2200157Ia 4500
008 240729s9999 xx 000 0 und d
022 _a2381-4683
245 0 _aMDM Policy & Practice
260 _aUnited States
260 _bSAGE Publishing
650 _a Medicine (General)
650 _aMedicine
856 _uhttps://doaj.org/toc/782d5a48d8ad4068afc2d6818f7651e8
942 _2ddc
942 _cDOAJEJ
999 _c66461
_d66461
945 _a1
_bMadushi Gamage
_c1
_dMadushi Gamage